Propuesta de modelo matemático de cantidad económica de pedido para artículos en deterioro con tasa de distribución de Weibull, demanda tipo rampa, desarrollado en escenarios de escasez e inflación, con ejemplo numérico y sensibilidad
En el presente estudio se desarrolla un modelo de cantidad económica de pedido relevante para la situación pandémica de Covid-19. El modelo es para un solo artículo donde el inventario se agota debido a la combinación de la demanda y el deterioro de artículos, la tasa de demanda es una funció...
| Main Author: | |
|---|---|
| Other Authors: | |
| Format: | Tesis Section = Libro |
| Language: | Undetermined Spanish |
| Published: |
Managua
UNI
2022
|
| Subjects: |
| LEADER | 01701nam a2200277Ia 4500 | ||
|---|---|---|---|
| 008 | 240830s9999 xx 000 0 und d | ||
| 040 | |a BIBLIOTECA-RUPAP/ Mon 658.787 Ch512 | ||
| 041 | |a spa | ||
| 082 | |a Mon 658.787 Ch512 | ||
| 100 | 1 | |a Chavarría Altamirano, Claudio de Jesús | |
| 245 | 1 | 0 | |a Propuesta de modelo matemático de cantidad económica de pedido para artículos en deterioro con tasa de distribución de Weibull, demanda tipo rampa, desarrollado en escenarios de escasez e inflación, con ejemplo numérico y sensibilidad |
| 260 | |a Managua |b UNI |c 2022 | ||
| 300 | |a 76 p. :il. | ||
| 500 | |a Contiene: anexos y CD. | ||
| 502 | |a Tesis (Ingeniero Industrial) - UNI, 2022. | ||
| 520 | 3 | |a En el presente estudio se desarrolla un modelo de cantidad económica de pedido relevante para la situación pandémica de Covid-19. El modelo es para un solo artículo donde el inventario se agota debido a la combinación de la demanda y el deterioro de artículos, la tasa de demanda es una función tipo rampa lineal y la tasa de deterioro se considera dependiente del tiempo y se supone que sigue una distribución de Weibull de dos parámetros, el modelo admite faltantes y se supone que las unidades faltantes de inventario se atrasan completamente, además, se tiene en cuenta el efecto de la inflación en el valor del dinero en el tiempo. | |
| 650 | 7 | |a ADMINISTRACION DE INVENTARIOS | |
| 650 | 7 | |b CONTROL DE INVENTARIOS | |
| 650 | 7 | |c PLANIFICACION DE INVENTARIOS | |
| 650 | 7 | |d MODELO MATEMATICO | |
| 650 | 7 | |e CANTIDAD ECONOMICA DE PEDIDO | |
| 650 | 7 | |f PANDEMIA | |
| 700 | 1 | |a Tutor: |b Silvestri Jirón, Pietro Marcelo | |
| 942 | |c BK |2 ddc | ||
| 991 | |a Tesis | ||
| 999 | |c 27640 | ||